000 00606nam a22002417a 4500
003 UA-OsUOA
001 75739
007 ta
008 20110530b un ||||| |||| 00| 0 ukr d
100 _aЮщенко О.Я.
090 _a821.161.2-1
_bЮ98
942 _cBK
040 _aUA-OsUOA
_bukr
_cUA-OsUOA
_dUA-OsUOA
245 _aСонети
_bпоезії
300 _a222 с.
955 _a3
041 _aukr
080 _a821.161.2-1
020 _a966-2031-01-0
260 _aК.
_bЩек
_c2007
650 7 _a82 Література. Літературознавство
_2UDC
999 _c362037
_d362037